5HLuxD.jpg

KING HENRY VIII SENIOR AND PRIMARY SCHOOL LIBRARY OPAC

RAVI'S ROAR (Record no. 6113)

000 -LEADER
fixed length control field 00734nam a22002057a 4500
005 - DATE AND TIME OF LATEST TRANSACTION
control field 20260212141840.0
008 - FIXED-LENGTH DATA ELEMENTS--GENERAL INFORMATION
fixed length control field 260212b ||||| |||| 00| 0 eng d
020 ## - INTERNATIONAL STANDARD BOOK NUMBER
International Standard Book Number 9781408892183
040 ## - CATALOGING SOURCE
Transcribing agency KH8
082 ## - DEWEY DECIMAL CLASSIFICATION NUMBER
Classification number 823.92 PER
100 ## - MAIN ENTRY--PERSONAL NAME
Personal name PERCIVAL,TOM
Relator term AUTHOR
245 ## - TITLE STATEMENT
Title RAVI'S ROAR
260 ## - PUBLICATION, DISTRIBUTION, ETC.
Place of publication, distribution, etc. 50 Bedford Square,London,WC1B 3DP,UK
Name of publisher, distributor, etc. BLOOMSBURY CHILDREN'S BOOKS
Date of publication, distribution, etc. 2019
300 ## - PHYSICAL DESCRIPTION
Extent 30 PAGES
Other physical details Colour illustration
Dimensions 24cm x 30cm
520 ## - SUMMARY, ETC.
Summary, etc. Tired of missing out on good things because he is the smallest and youngest in his family, Ravi turns into a tiger and gets what he wants with a great roar. -Library Thing-
650 ## - SUBJECT ADDED ENTRY--TOPICAL TERM
Topical term or geographic name entry element Juvenile Literature
Form subdivision Emotions
655 ## - INDEX TERM--GENRE/FORM
Genre/form data or focus term Emotions
655 ## - INDEX TERM--GENRE/FORM
Genre/form data or focus term Feelings
942 ## - ADDED ENTRY ELEMENTS (KOHA)
Source of classification or shelving scheme
Koha item type Books - Fiction
Holdings
Withdrawn status Lost status Source of classification or shelving scheme Damaged status Not for loan Collection code Permanent Location Current Location Shelving location Date acquired Total Checkouts Full call number Barcode Date last seen Date last checked out Price effective from Koha item type Public note
          Fiction KH8 Primary School Library KH8 Primary School Library Fiction 2026-02-12 2 823.92 PER KHPL000008309 2026-04-15 2026-04-07 2026-02-12 Books - Fiction PRIMARY LIBRARY

Powered By KH8 IT Dept